| 000 | 00619nam a2200193 i 4500 | ||
|---|---|---|---|
| 001 | 20965 | ||
| 003 | ES-MaACL | ||
| 005 | 20230906152407.0 | ||
| 007 | t| | ||
| 008 | 021119s1920 sp ||||1| spa d | ||
| 110 | 2 |
_aMancomunitat de Catalunya. _9160353 |
|
| 245 | 1 | 0 | _aAcuerdos de traspaso de servicios de las diputaciones catalanas a la Mancomunidad. |
| 250 | _aEd. castellana. | ||
| 260 |
_aBarcelona : _b[s.n.], _c1920. |
||
| 300 |
_a23 p. ; _c22 cm. |
||
| 594 | _aPrecede al tít.: Mancomunidad de Cataluña. | ||
| 651 | 4 |
_aCataluña- _xPolítica y gobierno- _y1914-1925. _9160354 |
|
| 852 |
_aES-MaACL _j1526-F-16 |
||
| 999 |
_c20965 _d20965 |
||